Click These Countries Back into Place - Statistics

General Stats
  • This quiz has been taken 211 times
  • The average score is 12 of 20
Answers on the Map
Answers color-coded by a green-red scale on the quiz's map according to % correct below.
 
Answer Stats
Answer % Correct
Kazakhstan
83%
Bolivia
81%
Chad
76%
Iraq
74%
Nigeria
74%
Central African Republic
73%
Paraguay
72%
Uganda
69%
Niger
67%
Syria
63%
Turkmenistan
61%
Georgia
53%
Jordan
52%
Uzbekistan
52%
Azerbaijan
48%
Kyrgyzstan
46%
Tajikistan
46%
Armenia
45%
Rwanda
38%
Burundi
36%
No matching quizzes found
Score Distribution
Percent of People with Each Score
Percentile by Number Answered
Your Score History
You have not taken this quiz